Social entrepreneurship : from issue to viable plan /
This book provides a guided deep dive into the early stages of venture development of social entrepreneurship. It introduces concepts that provide important insights necessary for social venture success. It introduces a set of entrepreneurial tools designed for the unique set of challenges faced in...
| Main Authors: | , |
|---|---|
| Format: | eBook |
| Language: | English |
| Published: |
New York, New York (222 East 46th Street, New York, NY 10017) :
Business Expert Press,
2013.
|
| Edition: | First edition. |
| Series: | 2013 digital library.
Entrepreneurship and small business management collection. |
| Subjects: | |
| Online Access: | Click to View |
| LEADER | 03427nam a2200601 i 4500 | ||
|---|---|---|---|
| 001 | EBC1420630 | ||
| 003 | MiAaPQ | ||
| 005 | 20200520144314.0 | ||
| 006 | m o d | | ||
| 007 | cr cnu|||||||| | ||
| 008 | 130927s2013 nyu foab 001 0 eng d | ||
| 020 | |z 9781606495162 (pbk.) | ||
| 020 | |a 9781606495179 |q (electronic bk.) | ||
| 035 | |a (MiAaPQ)EBC1420630 | ||
| 035 | |a (Au-PeEL)EBL1420630 | ||
| 035 | |a (CaPaEBR)ebr10767930 | ||
| 035 | |a (CaONFJC)MIL514576 | ||
| 035 | |a (OCoLC)857713144 | ||
| 040 | |a MiAaPQ |b eng |e rda |e pn |c MiAaPQ |d MiAaPQ | ||
| 050 | 4 | |a HD60 |b .B277 2013 | |
| 082 | 0 | |a 658.408 |2 23 | |
| 100 | 1 | |a Barreiro, Terri D., |e author. | |
| 245 | 1 | 0 | |a Social entrepreneurship : |b from issue to viable plan / |c Terri D. Barreiro and Melissa M. Stone. |
| 250 | |a First edition. | ||
| 264 | 1 | |a New York, New York (222 East 46th Street, New York, NY 10017) : |b Business Expert Press, |c 2013. | |
| 300 | |a 1 online resource (vi, 123 pages) | ||
| 336 | |a text |2 rdacontent | ||
| 337 | |a computer |2 rdamedia | ||
| 338 | |a online resource |2 rdacarrier | ||
| 490 | 1 | |a Entrepreneurship and small business management collection, |x 1946-5661 | |
| 500 | |a Part of: 2013 digital library. | ||
| 504 | |a Includes bibliographical references (pages 117-120) and index. | ||
| 505 | 0 | |a 1. Introduction -- 2. Issues, ideas, and opportunities, a simultaneous pursuit -- 3. Understanding those to be served and their communities -- 4. The policy environment, opportunities and constraints -- 5. Analyzing competitive forces, the market and the industry -- 6. Creating a social venture feasibility plan -- 7. Completing a viability assessment of the venture -- Appendix I. Denise DeVaan: from teacher to national advocate reducing poverty -- Appendix II. Frey Foundation (Minnesota): a story of a journey from charity to systems change engagement -- Appendix III. Mike Temali: expert in neighborhood and economic transformation -- Notes -- References -- Index. | |
| 506 | |a Access restricted to authorized users and institutions. | ||
| 520 | 3 | |a This book provides a guided deep dive into the early stages of venture development of social entrepreneurship. It introduces concepts that provide important insights necessary for social venture success. It introduces a set of entrepreneurial tools designed for the unique set of challenges faced in selecting and designing social entrepreneurial ventures. With this book as a guide, the reader can develop a feasible venture concept and communicate it effectively. | |
| 588 | |a Title from PDF title page (viewed on September 27, 2013). | ||
| 590 | |a Electronic reproduction. Ann Arbor, MI : ProQuest, 2015. Available via World Wide Web. Access may be limited to ProQuest affiliated libraries. | ||
| 650 | 0 | |a Social entrepreneurship. | |
| 653 | |a social entrepreneurship | ||
| 653 | |a feasibility analysis | ||
| 653 | |a entrepreneur | ||
| 653 | |a social entrepreneur | ||
| 653 | |a theory of change | ||
| 653 | |a logic model | ||
| 653 | |a public policy analysis | ||
| 653 | |a nonprofit | ||
| 655 | 4 | |a Electronic books. | |
| 700 | 1 | |a Stone, Melissa M., |e author. | |
| 776 | 0 | 8 | |i Print version: |z 9781606495162 |
| 797 | 2 | |a ProQuest (Firm) | |
| 830 | 0 | |a 2013 digital library. | |
| 830 | 0 | |a Entrepreneurship and small business management collection. |x 1946-5661. | |
| 856 | 4 | 0 | |u https://ebookcentral.proquest.com/lib/matrademy/detail.action?docID=1420630 |z Click to View |


